Expresiones jurd̕icas y frases latinas para juristas

Detalles Bibliográficos
Autor principal: Escudero Moratalla, Jose Francisco
Formato: eBook
Lenguaje:español
Publicado: Barcelona: La Jurd̕ica, 2019
Materias:
Acceso en línea:Acceso restringido

MARC

LEADER 00000nam a22000007a 4500
005 20190809020029.0
007 cr|||| ||||
008 190809s2019 es |||||s|||| 00||0 spa d
020 |a 978-84-949479-6-4 
035 |a 24004 
040 |a vLex 
090 |c 9141  |d 9141 
100 1 |a Escudero Moratalla, Jose Francisco 
245 1 0 |a Expresiones jurd̕icas y frases latinas para juristas  |h [Recurso electrn̤ico] /  |c Jose Francisco Escudero Moratalla 
256 |a Servicio en ln̕ea 
260 |a Barcelona:  |b La Jurd̕ica,  |c 2019 
300 |a 1 recurso electrn̤ico 
506 1 |a Disponible solo en los productos indicados  |d vLex Global  |d vLex Global (Academic Edition, excluding Law Schools)  |d vLex Global (U.S. Academic Edition, Law Schools)  |d vLex Global (U.S. Academic Edition, excluding Law Schools)  |d vLex Global (Academic Edition, Law Schools) 
650 0 4 |a Derecho Constitucional  |z Espaą 
650 0 4 |a Derecho Militar  |z Espaą 
740 0 |a vLex Libros (Servicio en ln̕ea) 
856 4 0 |u http://vlex.com/source/expresiones-juridicas-frases-latinas-juristas-24004  |z Acceso restringido 
942 |c BOOK 
999 0 |a Constitutional Law 
999 0 |a Military Law